| 000 | 00725nam a2200217 i 4500 | ||
|---|---|---|---|
| 001 | 133545 | ||
| 003 | ES-MaACL | ||
| 005 | 20250825130358.0 | ||
| 007 | t| | ||
| 008 | 070820s1982 sp ||||1| spa d | ||
| 100 | 1 |
_aWölfflin, Heinrich. _9117269 |
|
| 245 | 1 | 3 |
_aEl arte clásico _b: una introducción al Renacimiento italiano / _cHeinrich Wölfflin ; versión... de Antón Dietrich Arenas. |
| 260 |
_a[Madrid] : _bAlianza, _c[1982] |
||
| 300 |
_a324 p. : _bil. ; _c23 cm. |
||
| 490 | 1 | _aAlianza forma | |
| 650 | 1 | 4 |
_aArte renacentista- _zItalia _910293 |
| 700 | 1 |
_aDieterich, Antón, _d1944- _9160202 |
|
| 830 | 0 | 0 |
_aAlianza forma _9177869 |
| 852 |
_aES-MaACL _jL-5276 _bR.105885 |
||
| 999 |
_c133545 _d133545 |
||